<?xml version="1.0" encoding="UTF-8"?>
<record
    xmlns:xsi="http://www.w3.org/2001/XMLSchema-instance"
    xsi:schemaLocation="http://www.loc.gov/MARC21/slim http://www.loc.gov/standards/marcxml/schema/MARC21slim.xsd"
    xmlns="http://www.loc.gov/MARC21/slim">

  <leader>00677ntaaa2200241   4500</leader>
  <controlfield tag="003">01</controlfield>
  <controlfield tag="005">20251027201329.0</controlfield>
  <controlfield tag="008">0714s1973  ag    01 </controlfield>
  <datafield tag="020" ind1=" " ind2=" ">
    <subfield code="a">8430105506</subfield>
  </datafield>
  <datafield tag="040" ind1=" " ind2=" ">
    <subfield code="a">AR-BaBN</subfield>
    <subfield code="b">spa</subfield>
    <subfield code="c">AR-BaBN</subfield>
    <subfield code="e">aacr</subfield>
    <subfield code="d">RIC</subfield>
  </datafield>
  <datafield tag="082" ind1=" " ind2=" ">
    <subfield code="a">232.8 P19f</subfield>
  </datafield>
  <datafield tag="100" ind1=" " ind2=" ">
    <subfield code="a">Pannenberg, Wolfhart </subfield>
    <subfield code="9">3927</subfield>
  </datafield>
  <datafield tag="245" ind1=" " ind2=" ">
    <subfield code="a">Fundamentos de Cristolog&#xED;a / </subfield>
    <subfield code="c">Wolfhart Pannenberg, traducido por Joan Leita</subfield>
  </datafield>
  <datafield tag="250" ind1=" " ind2=" ">
    <subfield code="a">1&#xAA; ed.</subfield>
  </datafield>
  <datafield tag="260" ind1=" " ind2=" ">
    <subfield code="a">Salamanca : </subfield>
    <subfield code="b">Sigueme, </subfield>
    <subfield code="c">1973</subfield>
  </datafield>
  <datafield tag="300" ind1=" " ind2=" ">
    <subfield code="a">511 p.</subfield>
  </datafield>
  <datafield tag="490" ind1=" " ind2=" ">
    <subfield code="a">Lux Mundi ; </subfield>
    <subfield code="v">37</subfield>
  </datafield>
  <datafield tag="500" ind1=" " ind2=" ">
    <subfield code="a">La biblioteca posee la obra en ingl&#xE9;s</subfield>
  </datafield>
  <datafield tag="650" ind1=" " ind2=" ">
    <subfield code="a">CRISTOLOGIA</subfield>
    <subfield code="9">1723</subfield>
  </datafield>
  <datafield tag="650" ind1=" " ind2=" ">
    <subfield code="a">TEOLOGIA</subfield>
  </datafield>
  <datafield tag="700" ind1=" " ind2=" ">
    <subfield code="a">Leita, Joan </subfield>
    <subfield code="e">traductor</subfield>
    <subfield code="9">11626</subfield>
  </datafield>
  <datafield tag="942" ind1=" " ind2=" ">
    <subfield code="c">BK</subfield>
  </datafield>
  <datafield tag="999" ind1=" " ind2=" ">
    <subfield code="c">7777</subfield>
    <subfield code="d">7777</subfield>
  </datafield>
  <datafield tag="952" ind1=" " ind2=" ">
    <subfield code="0">0</subfield>
    <subfield code="1">0</subfield>
    <subfield code="4">0</subfield>
    <subfield code="7">0</subfield>
    <subfield code="a">BP</subfield>
    <subfield code="b">BP</subfield>
    <subfield code="d">2025-10-27</subfield>
    <subfield code="i">031331</subfield>
    <subfield code="l">0</subfield>
    <subfield code="o">232.8 P19f</subfield>
    <subfield code="p">031331</subfield>
    <subfield code="r">2025-10-27 20:13:29</subfield>
    <subfield code="w">2025-10-27</subfield>
    <subfield code="y">BK</subfield>
  </datafield>
  <datafield tag="952" ind1=" " ind2=" ">
    <subfield code="0">0</subfield>
    <subfield code="1">0</subfield>
    <subfield code="4">0</subfield>
    <subfield code="7">0</subfield>
    <subfield code="a">BP</subfield>
    <subfield code="b">BP</subfield>
    <subfield code="d">2025-10-27</subfield>
    <subfield code="i">043286</subfield>
    <subfield code="l">0</subfield>
    <subfield code="o">232.8 P19f</subfield>
    <subfield code="p">043286</subfield>
    <subfield code="r">2025-10-27 20:13:29</subfield>
    <subfield code="w">2025-10-27</subfield>
    <subfield code="y">BK</subfield>
  </datafield>
</record>
